The Chinese Cultural Revolution (Record no. 577732)

MARC details
000 -LEADER
fixed length control field 00532nam a2200169Ia 4500
008 - FIXED-LENGTH DATA ELEMENTS--GENERAL INFORMATION
fixed length control field 250728s9999 xx 000 0 und d
020 ## - INTERNATIONAL STANDARD BOOK NUMBER
ISBN 9780521875158
082 ## - DEWEY DECIMAL CLASSIFICATION NUMBER
Classification number 951.056
Item number CLA
100 ## - MAIN ENTRY--AUTHOR NAME
Personal name Clark, Paul
245 #4 - TITLE STATEMENT
Title The Chinese Cultural Revolution
260 ## - PUBLICATION, DISTRIBUTION, ETC. (IMPRINT)
Name of publisher Cambridge University Press
Year of publication 2008
300 ## - PHYSICAL DESCRIPTION
Number of Pages 15 pages
500 ## - GENERAL NOTE
General note This book analyzes the Cultural Revolution through the conflict between innovation and a top-down enforcement of modernity.
650 ## - SUBJECT ADDED ENTRY--TOPICAL TERM
Topical Term Art
942 ## - ADDED ENTRY ELEMENTS (KOHA)
Koha item type English Books
Holdings
Withdrawn status Lost status Damaged status Not for loan Home library Current library Shelving location Date acquired Full call number Accession Number Price effective from Koha item type
        Anna Centenary Library Anna Centenary Library 7TH FLOOR, B WING 28.07.2025 951.056 CLA 195984 28.07.2025 English Books

Find us on the map